Production and operations management : (Record no. 1152)

000 -LEADER
fixed length control field 01508nam a22003977a 4500
001 - CONTROL NUMBER
control field 2126441
003 - CONTROL NUMBER IDENTIFIER
control field OSt
005 - DATE AND TIME OF LATEST TRANSACTION
control field 20210426121500.0
008 - FIXED-LENGTH DATA ELEMENTS--GENERAL INFORMATION
fixed length control field 970819s1998 maua b 001 0 eng
010 ## - LIBRARY OF CONGRESS CONTROL NUMBER
LC control number 97036919
020 ## - INTERNATIONAL STANDARD BOOK NUMBER
International Standard Book Number 0256225567 (students ed.)
020 ## - INTERNATIONAL STANDARD BOOK NUMBER
International Standard Book Number 0256269211 (instructors ed.)
035 ## - SYSTEM CONTROL NUMBER
System control number (DLC) 97036919
040 ## - CATALOGING SOURCE
Original cataloging agency DLC
Transcribing agency DLC
Modifying agency DLC
Language of cataloging eng
041 ## - LANGUAGE CODE
Language code of text/sound track or separate title eng
050 00 - LIBRARY OF CONGRESS CALL NUMBER
Classification number TS155
Item number .C424 1998
080 ## - UNIVERSAL DECIMAL CLASSIFICATION NUMBER
Universal Decimal Classification number 005
Item number C-48
082 00 - DEWEY DECIMAL CLASSIFICATION NUMBER
Classification number 658.5
Edition number 21
100 1# - MAIN ENTRY--PERSONAL NAME
Personal name Chase, Richard B.
245 10 - TITLE STATEMENT
Title Production and operations management :
Remainder of title manufacturing and services /
Statement of responsibility, etc. / by: Irwin/McGraw-Hill
250 ## - EDITION STATEMENT
Edition statement 8th edition
260 ## - PUBLICATION, DISTRIBUTION, ETC.
Place of publication, distribution, etc. Boston :
Name of publisher, distributor, etc. Irwin/McGraw-Hill
Date of publication, distribution, etc. c1998.
300 ## - PHYSICAL DESCRIPTION
Extent xx, 889 p.
Other physical details ill. (some col.)
Dimensions 27 cm. +
Accompanying material 1 computer laser optical disc (4 3/4 in.)
490 1# - SERIES STATEMENT
Series statement The Irwin/McGraw-Hill series. Operations and decision sciences
504 ## - BIBLIOGRAPHY, ETC. NOTE
Bibliography, etc. note Includes bibliographical references and indexes.
538 ## - SYSTEM DETAILS NOTE
System details note System requirements for accompanying computer disc: Windows 95.
650 #0 - SUBJECT ADDED ENTRY--TOPICAL TERM
Topical term or geographic name entry element Production management.
650 #0 - SUBJECT ADDED ENTRY--TOPICAL TERM
Topical term or geographic name entry element Management
9 (RLIN) 324
653 ## - INDEX TERM--UNCONTROLLED
Uncontrolled term მართვა
700 1# - ADDED ENTRY--PERSONAL NAME
Personal name Aquilano, Nicholas J.
700 1# - ADDED ENTRY--PERSONAL NAME
Personal name Jacobs, F. Robert.
830 #0 - SERIES ADDED ENTRY--UNIFORM TITLE
Uniform title Irwin/McGraw-Hill series in operations and decision sciences.
906 ## - LOCAL DATA ELEMENT F, LDF (RLIN)
a 7
b cbc
c orignew
d 1
e ocip
f 19
g y-gencatlg
942 ## - ADDED ENTRY ELEMENTS (KOHA)
Source of classification or shelving scheme
Koha item type Books
Edition 8
Holdings
Withdrawn status Lost status Source of classification or shelving scheme Damaged status Not for loan Permanent location Current location Date acquired Inventory number Total Checkouts Full call number Barcode Date last seen Price effective from Koha item type
          Ken Walker International University Ken Walker International University 02/03/2021 886   005 C-48 886 02/03/2021 02/03/2021 Books

Powered by Koha